Statistics for Ethnic Groups by Country - Multiple Choice

Click here to take the quiz!

General Stats

  • This quiz has been taken 352 times
  • The average score is 11 of 18

Answer Stats

QuestionAnswer% Correct
NavajoUnited States
85%
MagyarsHungary
82%
CoptsEgypt
81%
GaliciansSpain
80%
BretonsFrance
75%
HutusRwanda
73%
BerbersAlgeria
72%
TatarsRussia
71%
RomanshSwitzerland
70%
ManchusChina
68%
QuechuaPeru
62%
KurdsTurkey
61%
TelugusIndia
53%
BalochPakistan
48%
AymaraBolivia
41%
JewishUnited States
29%
BembaZambia
26%
TajiksAfghanistan
14%

Score Distribution

Percentile by Number Answered

Percent of People with Each Score

Your Score History

You have not taken this quiz